000 00334nam a22001457a 4500
008 230622b ||||| |||| 00| 0 eng d
020 _a9780761973997
041 _aeng
080 _a004
082 _a004ANT
100 _a18
101 _aSHKI
245 _aINTERPRETING QUANTITATIVE DATA WITH SPSS
_cANTONIUS R
942 _2udc
_cBK
999 _c60029
_d60029